| 000 | 01056nam a22003017a 4500 | ||
|---|---|---|---|
| 001 | 8189 | ||
| 003 | FISKH | ||
| 005 | 20250901144200.0 | ||
| 008 | 250901b cb ||||| |||| 00| 0 eng d | ||
| 020 | _a9781338058154 | ||
| 040 |
_aFISKH _beng _cFISKH _dFISKH |
||
| 050 | _aPZ7.E24174 A | ||
| 082 | _a813.6 | ||
| 100 | _aEdinger, Monica | ||
| 245 |
_aAfrica is my home : _bA child of the Amistad / _cBy Monica Edinger ; Illustrated by Robert Byrd |
||
| 250 | _aThis edition first published in 2013 | ||
| 260 |
_aNew York : _bScholastic, _c2013 |
||
| 300 |
_a57 pages : _bcolor illustrations ; _c23 cm |
||
| 505 | _aZ | ||
| 520 | _aPresents a tale of a child who arrives in America on the slave ship Amistad describing her capture, her witness to a mutiny, and the Supreme Court trial that prompts her return to Africa. | ||
| 521 | 8 |
_a890
_bLexile |
|
| 521 | 8 |
_aZ
_bRaz-Plus |
|
| 650 |
_2Historical fiction _aSlavery |
||
| 650 | _2African American History | ||
| 700 |
_aByrd, Robert _dillustrator |
||
| 942 |
_2ddc _cBK _n0 |
||
| 999 |
_c8189 _d8189 |
||